Connectem amb la nostra terra... i el nostre mar : #ProductesdelaTerra #ProductesdelaTerra
Descripción Física:
1 fulletó plegat en vuit parts ; il·lustracions color ; 13 x 18 cm
Materias:
Aliments locals -- Catalunya
Idioma:
Catalán
MARC
| LEADER | 00000nam a22000007a 4500 | ||
|---|---|---|---|
| 001 | 27969 | ||
| 003 | Arxiu | ||
| 005 | 20260324181517.0 | ||
| 008 | 230530b spa||||| |||| 00| 0 cat d | ||
| 017 | |a B 29704-2018 | ||
| 040 | |a agdb |b cat | ||
| 110 | 2 | |9 51984 |a Xarxa Productes de la Terra | |
| 245 | |a Connectem amb la nostra terra... i el nostre mar : |b #ProductesdelaTerra | ||
| 260 | |a Barcelona : |b Diputació de Barcelona ; |c 2018 | ||
| 300 | |a 1 fulletó plegat en vuit parts ; |b il·lustracions color ; |c 13 x 18 cm | ||
| 650 | 0 | |9 53402 |a Aliments locals |z Catalunya | |
| 710 | 1 | |a Barcelona (Catalunya : Província). |b Diputació |9 52408 | |
| 942 | |2 udc |c ARXIU |n 1 | ||
| 952 | |0 0 |1 0 |2 udc |4 0 |6 FU761 |7 1 |9 66437 |a Arxiu |b Arxiu |d 2023-05-30 |l 0 |o FU-76-1 |p 27969 |r 2023-05-30 00:00:00 |w 2023-05-30 |y ARXIU | ||
| 999 | |c 83777 |d 83777 | ||